| 000 | 01309cam a22003255i 4500 | ||
|---|---|---|---|
| 999 |
_c5153 _d5153 |
||
| 003 | EG-ScBUE | ||
| 005 | 20200108095315.0 | ||
| 008 | 131223s2001 enka f b f001 0 eng d | ||
| 020 | _a0822325071 (cloth : alk. paper) | ||
| 020 | _z0822325455 (pbk. : alk. paper) | ||
| 020 | _a0822325454 | ||
| 040 |
_aEG-ScBUE _beng _erda _cEG-ScBUE _dEG-ScBUE |
||
| 043 | _aaw----- | ||
| 082 | 0 | 4 |
_a809.93358 _bLAY _222 |
| 100 | 1 |
_aLayoun, Mary N., _d1949- _eauthor. |
|
| 245 | 1 | 0 |
_aWedded to the land? : _bgender, boundaries, and nationalism in crisis / _cMary N. Layoun. |
| 264 | 1 |
_aDurham ; _aLondon : _bDuke University Press, _c2001. |
|
| 300 |
_axii, 225 pages : _billustrations ; _c25 cm. |
||
| 336 |
_atext _btxt _2rdacontent |
||
| 337 |
_aunmediated _bn _2rdamedia |
||
| 338 |
_avolume _bnc _2rdacarrier |
||
| 490 | 0 | _aPost-contemporary interventions | |
| 504 | _aIncludes bibliographical references and index. | ||
| 521 | _aThe gendered narratives of nationalism explored through Greek, Cypriot, and Palestinian examples, particularly in regard to questions of borders, crisis, and displacement. | ||
| 650 | 7 |
_aNationalism and literature _zMiddle East. _2BUEsh _934742 |
|
| 650 | 7 |
_aPolitics and culture _zMiddle East _2BUEsh _934743 |
|
| 651 | _2BUEsh | ||
| 653 |
_bHHUUEENN _cDecember2013 |
||
| 942 |
_cBB _2ddc |
||